Horrid Henry and the abominable snowman / (Record no. 629)

MARC details
000 -LEADER
fixed length control field 01815cam a22004577a 4500
005 - DATE AND TIME OF LATEST TRANSACTION
control field 20230926135947.0
020 ## - INTERNATIONAL STANDARD BOOK NUMBER
International Standard Book Number 9781402242564 (pbk.)
020 ## - INTERNATIONAL STANDARD BOOK NUMBER
International Standard Book Number 1402242565 (pbk.)
020 ## - INTERNATIONAL STANDARD BOOK NUMBER
International Standard Book Number 9780606140638
020 ## - INTERNATIONAL STANDARD BOOK NUMBER
International Standard Book Number 0606140638
040 ## - CATALOGING SOURCE
Original cataloging agency BTCTA
Language of cataloging eng
Transcribing agency BTCTA
Modifying agency BKX
-- ZPX
-- QBX
-- UPZ
-- IMT
-- ZAG
-- I4F
-- OCLCQ
-- BDX
-- DLC
-- FISKH
050 00 - LIBRARY OF CONGRESS CALL NUMBER
Classification number PZ7.S604
Item number Hoab 2010
082 04 - DEWEY DECIMAL CLASSIFICATION NUMBER
Classification number [Fic]
Edition number 22
100 1# - MAIN ENTRY--PERSONAL NAME
Personal name Simon, Francesca.
245 10 - TITLE STATEMENT
Title Horrid Henry and the abominable snowman /
Statement of responsibility, etc. Francesca Simon ; illustrated by Tony Ross.
260 ## - PUBLICATION, DISTRIBUTION, ETC.
Place of publication, distribution, etc. Naperville, Ill. :
Name of publisher, distributor, etc. Sourcebooks Jabberwocky,
Date of publication, distribution, etc. 2010.
300 ## - PHYSICAL DESCRIPTION
Extent 87 pages :
Other physical details illustrations ;
Dimensions 20 cm.
490 0# - SERIES STATEMENT
Series statement Horrid Henry
500 ## - GENERAL NOTE
General note Originally published: London : Orion Children's Books, 2007.
505 0# - FORMATTED CONTENTS NOTE
Formatted contents note K
505 0# - FORMATTED CONTENTS NOTE
Formatted contents note Horrid Henry and the abominable snowman -- Horrid Henry's rainy day -- Moody Margaret's makeover -- Horrid Henry's author visit.
520 ## - SUMMARY, ETC.
Summary, etc. Horrid Henry builds a big, mean monster snowman in order to win the snowman competition against Moody Margaret's ballerina snowgirl, and claim the prize--a year's supply of ice cream--all for himself.
521 ## - TARGET AUDIENCE NOTE
Target audience note 560 <br/>
Source Lexile
521 ## - TARGET AUDIENCE NOTE
Target audience note K <br/>
Source Raz-Plus
650 #0 - SUBJECT ADDED ENTRY--TOPICAL TERM
Topical term or geographic name entry element Human behavior
Form subdivision Juvenile fiction.
650 #0 - SUBJECT ADDED ENTRY--TOPICAL TERM
Topical term or geographic name entry element Snowmen
Form subdivision Juvenile fiction.
650 #0 - SUBJECT ADDED ENTRY--TOPICAL TERM
Topical term or geographic name entry element Contests
Form subdivision Juvenile fiction.
650 #0 - SUBJECT ADDED ENTRY--TOPICAL TERM
Topical term or geographic name entry element Short stories.
650 #1 - SUBJECT ADDED ENTRY--TOPICAL TERM
Topical term or geographic name entry element Behavior
Form subdivision Fiction.
650 #1 - SUBJECT ADDED ENTRY--TOPICAL TERM
Topical term or geographic name entry element Snowmen
Form subdivision Fiction.
650 #1 - SUBJECT ADDED ENTRY--TOPICAL TERM
Topical term or geographic name entry element Contests
Form subdivision Fiction.
650 #7 - SUBJECT ADDED ENTRY--TOPICAL TERM
Topical term or geographic name entry element Horrid Henry (Fictional character)
Form subdivision Fiction.
Source of heading or term sears
650 #7 - SUBJECT ADDED ENTRY--TOPICAL TERM
Topical term or geographic name entry element Human behavior
Form subdivision Fiction.
Source of heading or term sears
650 #7 - SUBJECT ADDED ENTRY--TOPICAL TERM
Topical term or geographic name entry element Snow
Form subdivision Fiction.
Source of heading or term sears
650 #7 - SUBJECT ADDED ENTRY--TOPICAL TERM
Topical term or geographic name entry element Contests
Form subdivision Fiction.
Source of heading or term sears
655 #7 - INDEX TERM--GENRE/FORM
Genre/form data or focus term Short stories.
Source of term sears
700 1# - ADDED ENTRY--PERSONAL NAME
Personal name Ross, Tony,
Relator term illustrator
906 ## - LOCAL DATA ELEMENT F, LDF (RLIN)
a 7
b cbc
c copycat
d 2
e ncip
f 20
g y-gencatlg
942 ## - ADDED ENTRY ELEMENTS (KOHA)
Source of classification or shelving scheme Dewey Decimal Classification
Koha item type Books
Suppress in OPAC No
999 ## -
-- 629
-- 629
Holdings
Withdrawn status Lost status Source of classification or shelving scheme Damaged status Not for loan Collection Home library Current library Shelving location Date acquired Total Checkouts Full call number Barcode Date last seen Price effective from Koha item type
    Dewey Decimal Classification     Juvenile Fiction Footprints International School Library Network Toul Kork Campus Footprints International School Library Network Toul Kork Campus Halloween Display TK Campus Room B401 06/27/2023   SIM Fic PZ7.S604 FISTK00451 11/21/2023 06/27/2023 Books